000 01589nam0a2200325 4500
001 RU\NLR\bibl\62550
005 20260407131138.0
021 _aRU
_b99-35603
_91753
035 _a(NLR Aleph) 000061038
090 _a332475
_c332475
100 _a19991208d1999 |||y0rusy50 ca
101 0 _arus
102 _aRU
105 _ay |||||||||
200 1 _aИмидж руководителя
_eпредставителям сторон социального партнерства в Москве
_e[метод. пособие]
_fУчеб.-исслед. центр Моск. Федерации профсоюзов
_g[Подгот. Лобачевой Е.В.]
210 _aМ.
_cУчеб.-исслед. центр Моск. Федерации профсоюзов
_d1999
215 _a31 с.
_d20
225 1 _aСоциальное партнерство в Москве
320 _aБиблиогр.: с. 30 (9 назв.)
606 0 _aРуководитель
_jМетодические пособия
_xИмидж
_92138903
_3RU\NLR\auth\661289427
606 0 _aРуководители
_jМетодические пособия
_xИмидж
_92138896
_3RU\NLR\auth\661289424
686 _aС550.372.2я7
702 1 _aЛобачева
_bЕ. В.
_4220
712 0 2 _4570
_aМосковская федерация профсоюзов
_bУчебно-исследовательский центр
_3RU\NLR\AUTH\889982380
_9460741
801 0 _aRU
_bNLR
_c19991208
_gPSBO
801 1 _aRU
_bNLR
_c19991208
852 _aNLR
_j99-4/8232
942 _cBOOK
980 _aNB